000 00209 a2200097 4500
001 38730
100 _aWatt
245 _aA short history of Islam
260 _aU S A
_bOne world
_c1996
090 _c24550
_d24550
942 _aNUST-CAE
_cM
_c16170
999 _c273803
_d273803